000 00519nam a2200193Ia 4500
003 GCL
008 140319s9999 xx 000 0 aFre d
020 _a9973700937
040 _aGCL /
_cGCL
082 0 4 _a759
_bD J
100 1 _aDUVIGNAUD, JEAN
245 1 0 _aJELLAL BEN ABDALLAH :
_bUNE MEMOIRE TUNISIENE /
_cDUVIGNAUD, JEAN
260 _aتونس :
_bCERES PRODUCTIONS ،
_c1992
300 _a87 P
_bILL. ؛
_c28 cm.
650 0 4 _aARTS
650 0 4 _aPAINTING
650 0 4 _aJELLAL BEN ABDALLAH
942 _2ddc
_cBK
999 _c7429
_d7429